000 00579cab a2200217 4500
001 X1329
008 090401t1994 xxu||||| |||| 00| 0 eng d
035 _a(Sirsi) u16250
041 _aeng
245 _aDoE`s draft mineral planning guidance is firmly on the fence
260 _c1994
350 _a0
490 _aCSM (Chartered Surveyor Monthly)
_v3(6) March 1994, 9(1)
650 _aMINERAL PLANNING GUIDANCE NOTE 3
650 _aMPG3
650 _aOPENCAST MINING
650 _aSPOIL DISPOSAL
690 _aMINING AND MINERALS
942 _n0
948 _c04/03/1997
999 _c10678
_d10678